ADVANCED ENGINEERING MATHEMATICS (Record no. 50133)

MARC details
000 -LEADER
fixed length control field 00343nam a2200133Ia 4500
008 - FIXED-LENGTH DATA ELEMENTS--GENERAL INFORMATION
fixed length control field 220530s9999 xx 000 0 und d
041 ## - LANGUAGE CODE
Language code of text/sound track or separate title eng
082 ## - DEWEY DECIMAL CLASSIFICATION NUMBER
Classification number 510
Item number DAS
100 ## - MAIN ENTRY--PERSONAL NAME
Personal name DASS H K
9 (RLIN) 54901
245 ## - TITLE STATEMENT
Title ADVANCED ENGINEERING MATHEMATICS
260 ## - PUBLICATION, DISTRIBUTION, ETC. (IMPRINT)
Place of publication, distribution, etc. New Delhi
Name of publisher, distributor, etc. S.Chand Publishers
Date of publication, distribution, etc. 2010
300 ## - PHYSICAL DESCRIPTION
Extent 1062 P
Other physical details PB
906 ## - LOCAL DATA ELEMENT F, LDF (RLIN)
a 131.25
b ALIED
Holdings
Withdrawn status Lost status Damaged status Not for loan Collection code Home library Current library Date acquired Vendor Cost, normal purchase price Full call number Barcode Date last seen Cost, replacement price Bill Date Koha item type Original Barcode
        Allied Science Cummins College of Engineering for Women Nagpur Cummins College of Engineering for Women Nagpur 29/07/2011 International Book House Pvt Ltd 525.00 510/DAS CEWN-BK-2712 30/05/2022 393.75 30/05/2022 Books 002712